000 00492nam a2200169Ia 4500
999 _c22778
_d22778
003 OSt
005 20200323104606.0
008 190216s9999||||xx |||||||||||||| ||und||
040 _coclc
082 _a297
_bMOU/T
100 _aMoudoodi, Abul Ala
_91860
245 0 _aTowards Understanding Islam /
_cAbul Ala Moudoodi
260 _bMarkazi Maktaba Islami,
_c2009.
_a Delhi:
300 _a144p
650 _aIslamic History
942 _cBK
_2ddc
_h297
_iMOU/T
_k297
_mMOU/T